№ 5; Атомная техника за рубежом

Λεπτομέρειες βιβλιογραφικής εγγραφής
Parent link:Атомная техника за рубежом: научно-технический журнал/ Росатом; Государственная корпорация по атомной энергии; Ядерное общество России (ЯОР). № 5.— , 1957-
Γλώσσα:Ρωσικά
Έκδοση: 2012
Μορφή: Βιβλίο
KOHA link:https://koha.lib.tpu.ru/cgi-bin/koha/opac-detail.pl?biblionumber=479337

MARC

LEADER 00000nam2a2200000 4500
001 479337
005 20231101093316.0
035 |a (RuTPU)RU\TPU\prd\146224 
090 |a 479337 
100 |a 20120710a19579999k y0rusy50 ca 
101 0 |a rus 
102 |a RU 
200 0 |a № 5 
210 |d 2012 
461 1 |0 (RuTPU)RU\TPU\prd\1300  |t Атомная техника за рубежом  |o научно-технический журнал  |f Росатом; Государственная корпорация по атомной энергии; Ядерное общество России (ЯОР)  |v № 5  |d 1957- 
801 0 |a RU  |b 63413507  |c 20010227  |g PSBO 
801 1 |a RU  |b 63413507  |c 20120710 
801 2 |a RU  |b 63413507  |c 20201209  |g RCR 
942 |c BK 
999 |a НТБ_ТПУ  |b НФ  |e -1/20120110  |p П-6230  |s 6/20110919  |u 0,00  |v 1